Loading...
| History - American | 4 | 3 | 0 | 0 | 90 | 25 | 66.14 | 2 | 7 | 46.44 | 69.64 |
| Short Fiction and Other | 2 | 1 | 0 | 0 | 40 | 69 | 96.00 | 0 | 3 | 16.50 | 32.65 |
| Social Science | 0 | 3 | 0 | 1 | 30 | 120 | 135.33 | 0 | 2 | 2.67 | 14.29 |
| Fine Arts - Other | 0 | 3 | 1 | 1 | 25 | 115 | 134.67 | 0 | 0 | 2.28 | 9.52 |
| Literature - Poetry | 0 | 3 | 1 | 1 | 25 | 93 | 122.67 | 1 | 1 | 7.31 | 20.00 |
| Literature - Drama | 0 | 2 | 0 | 1 | 20 | 108 | 132.50 | 0 | 0 | 3.93 | 8.93 |
| History - European | 1 | 1 | 1 | 1 | 20 | 58 | 103.00 | 0 | 1 | 6.07 | 4.29 |
| Literature - Long Fiction | 0 | 2 | 0 | 1 | 20 | 128 | 137.00 | 0 | 0 | 1.97 | 4.76 |
| Mythology | 0 | 2 | 0 | 0 | 20 | 104 | 111.50 | 0 | 1 | 5.80 | 16.33 |
| History - Ancient | 1 | 0 | 0 | 0 | 15 | 62 | 62.00 | 0 | 1 | 57.82 | 57.14 |
| Literature - Short Fiction | 1 | 0 | 0 | 0 | 15 | 42 | 42.00 | 1 | 1 | 37.12 | 50.00 |
| Fine Arts - Painting and Sculpture | 0 | 2 | 1 | 0 | 15 | 89 | 96.50 | 0 | 0 | 7.23 | 8.57 |
| Current Events | 1 | 0 | 0 | 0 | 15 | 35 | 35.00 | 1 | 1 | 10.47 | 14.29 |
| Philosophy | 1 | 1 | 3 | 0 | 10 | 57 | 80.50 | 1 | 2 | 8.08 | 17.14 |
| History - World | 1 | 1 | 4 | 0 | 5 | 42 | 60.50 | 1 | 1 | 7.57 | 10.48 |
| History - Other | 0 | 0 | 1 | 0 | -5 | 0.00 | 0 | 0 | 0.00 | 0.00 | |
| Other Academic | 0 | 0 | 2 | 0 | -10 | 0.00 | 0 | 0 | 0.00 | 0.00 |